Five Letter Geography - U - Statistics

General Stats
  • This quiz has been taken 45 times
  • The average score is 7 of 10
Answer Stats
Hint Answer % Correct
Made up of 15 countries, including Russia Soviet {Union}
100%
Opposite of rural, and the name of a Pope Urban
100%
Jamaican runner known as the fastest runner {Usain} Bolt
100%
Central Asian country with the capital Tashkent {Uzbek}istan
100%
Region of Australia known for its habitats Down {Under}
95%
Not lower; first word of Silesia, Austria, or Peninsula Upper
95%
Another name for Ayers Rock in Australia Uluru
79%
Swahili word used in places like on Mt. Kilamanjaro {Uhuru} Peak
9%
Spanish scientist who co-discovered the element platinum Antonio de {Ulloa}
5%
A city located in Okinawa Prefecture, Japan Uruma
5%
No matching quizzes found
Score Distribution
Percent of People with Each Score
Percentile by Number Answered
Your Score History
You have not taken this quiz